| 000 | 00832cam a22002771 4500 | ||
|---|---|---|---|
| 999 |
_c20423 _d20423 |
||
| 001 | 1706352 | ||
| 003 | BDDh-ASL | ||
| 005 | 20231015025903.0 | ||
| 008 | 710419s19611967enk b 000 0 eng | ||
| 010 | _a 68097979 | ||
| 015 | _aB*** | ||
| 040 |
_aDLC _cDLC _dDLC _dOCoLC _dBDDh-ASL |
||
| 050 | 0 | 0 |
_aBP161 _b.A335 1967 |
| 082 | 0 | 0 |
_a297.09 _bSYS |
| 100 | 1 |
_aAli, Syed Ameer, _d1849-1928. |
|
| 245 | 1 | 4 |
_aThe spirit of Islam: _ba history of the evolution and ideals of Islam with a life of the Prophet / |
| 260 |
_aLondon: _bMethuen _c[1967] |
||
| 300 |
_alxxi, 515 p. _c22 cm. |
||
| 350 | _a27/6 | ||
| 490 | 0 | _aUniversity paperbacks, UP107 | |
| 504 | _aBibliographical footnotes. | ||
| 600 | 0 | 0 |
_aMuḼammad, _cProphet, _d-632. |
| 650 | 0 | _aIslam. | |
| 906 |
_a7 _bcbc _corignew _du _eopcn _f19 _gy-gencatlg |
||
| 942 |
_2ddc _cBK |
||